MARC details
| 000 -LEADER |
| campo de control de longitud fija |
01738nam#a22004815a#4500 |
| 001 - NÚMERO DE CONTROL |
| campo de control |
1775 |
| 008 - DATOS DE LONGITUD FIJA--INFORMACIÓN GENERAL |
| campo de control de longitud fija |
110412s2010####ag#####e######001#0dspa#d |
| 020 ## - NÚMERO INTERNACIONAL ESTÁNDAR DEL LIBRO |
| Número Internacional Estándar del Libro |
9789871518142 |
| 080 ## - NÚMERO DE LA CLASIFICACIÓN DECIMAL UNIVERSAL |
| Número de la Clasificación Decimal Universal |
82-82 |
| 084 ## - OTRO NÚMERO DE CLASIFICACIÓN |
| Número de clasificación |
V81 |
| 040 ## - FUENTE DE CATALOGACIÓN |
| Centro catalogador/agencia de origen |
AR-ClEAG |
| Centro/agencia transcriptor |
AR-ClEAG |
| 005 - FECHA Y HORA DE LA ÚLTIMA TRANSACCIÓN |
| campo de control |
20241107184721.0 |
| 003 - IDENTIFICADOR DE NÚMERO DE CONTROL |
| campo de control |
AR-ClEAG |
| 100 1# - ENTRADA PRINCIPAL--NOMBRE DE PERSONA |
| Nombre de persona |
Duguetti, Luis, |
| Término indicativo de función/relación |
compilador. |
| Relación |
com |
| 245 10 - MENCIÓN DEL TÍTULO |
| Título |
Voces de este río : |
| Resto del título |
antología narrativa: Villa María y Villa Nueva / |
| Mención de responsabilidad, etc. |
compilado por Luis Duguetti ; editado por Carlos Gazzera e Ingrid Salinas Rovasio. |
| 250 ## - MENCION DE EDICION |
| Mención de edición |
1ª ed. |
| 260 ## - PUBLICACIÓN, DISTRIBUCIÓN, ETC. |
| Lugar de publicación, distribución, etc. |
Villa María : |
| Nombre del editor, distribuidor, etc. |
Eduvim, |
| Fecha de publicación, distribución, etc. |
2010. |
| 300 ## - DESCRIPCIÓN FÍSICA |
| Extensión |
126 p. ; |
| Dimensiones |
21 cm. |
| 490 0# - MENCIÓN DE SERIE |
| Mención de serie |
Pajarito de agua |
| 505 0# - NOTA DE CONTENIDO CON FORMATO |
| Mención de responsabilidad |
Velo, Andrés Raúl |
| Título |
Infierno helado |
| 505 0# - NOTA DE CONTENIDO CON FORMATO |
| Mención de responsabilidad |
Giordanino, Alicia |
| Título |
Grafías |
| 505 0# - NOTA DE CONTENIDO CON FORMATO |
| Mención de responsabilidad |
Rossi, Jorge |
| Título |
La culpa de ser perro |
| 505 0# - NOTA DE CONTENIDO CON FORMATO |
| Mención de responsabilidad |
Antesio, Matías |
| Título |
Cuzco |
| 505 0# - NOTA DE CONTENIDO CON FORMATO |
| Mención de responsabilidad |
Giménez, Marina Beatriz |
| Título |
Resquicios |
| 505 0# - NOTA DE CONTENIDO CON FORMATO |
| Mención de responsabilidad |
Páez, Javier |
| Título |
Cuentos breves |
| 505 0# - NOTA DE CONTENIDO CON FORMATO |
| Mención de responsabilidad |
Páez, Augusto |
| Título |
Un día con Ceci |
| 505 0# - NOTA DE CONTENIDO CON FORMATO |
| Mención de responsabilidad |
Devalis, Fabricio |
| Título |
Esperar, no es tan malo |
| 505 0# - NOTA DE CONTENIDO CON FORMATO |
| Mención de responsabilidad |
Gea, Natalia |
| Título |
La visión de Mulambó |
| 505 0# - NOTA DE CONTENIDO CON FORMATO |
| Mención de responsabilidad |
Giacomelli, Walter |
| Título |
Tormenta |
| 505 0# - NOTA DE CONTENIDO CON FORMATO |
| Mención de responsabilidad |
Mistraletti Mignola, Ilda |
| Título |
La princesa |
| 505 0# - NOTA DE CONTENIDO CON FORMATO |
| Mención de responsabilidad |
Chirino, Jesús |
| Título |
Los salvavacas |
| 505 0# - NOTA DE CONTENIDO CON FORMATO |
| Mención de responsabilidad |
Ceballos, Fernando Raúl |
| Título |
Monstruos |
| 505 0# - NOTA DE CONTENIDO CON FORMATO |
| Mención de responsabilidad |
Dughetti, Marcelo |
| Título |
La bicicleta roja |
| 505 0# - NOTA DE CONTENIDO CON FORMATO |
| Mención de responsabilidad |
Cichy, Eduardo |
| Título |
La migración de los ángeles |
| 505 0# - NOTA DE CONTENIDO CON FORMATO |
| Mención de responsabilidad |
Rulfo, Griselda |
| Título |
Caballo de espadas |
| 500 ## - NOTA GENERAL |
| Nota general |
Incluye notas biográficas de los autores. |
| 653 ## - TÉRMINO DE INDIZACIÓN--NO CONTROLADO |
| Término no controlado |
Antologías |
| 653 ## - TÉRMINO DE INDIZACIÓN--NO CONTROLADO |
| Término no controlado |
Literatura argentina |
| 653 ## - TÉRMINO DE INDIZACIÓN--NO CONTROLADO |
| Término no controlado |
Narrativa argentina |
| 700 1# - ENTRADA AGREGADA--NOMBRE PERSONAL |
| Nombre de persona |
Gazzera, Carlos, |
| Término indicativo de función/relación |
editor. |
| Relación |
edt |
| 700 1# - ENTRADA AGREGADA--NOMBRE PERSONAL |
| Nombre de persona |
Salinas Rovasio, Ingrid, |
| Término indicativo de función/relación |
editor. |
| Relación |
edt |
| 942 ## - ELEMENTOS DE ENTRADA SECUNDARIOS (KOHA) |
| Tipo de ítem Koha |
Libros |
| 980 ## - EQUIVALENCIA O REFERENCIA-CRUZADA-MENCIÓN DE SERIE--NOMBRE DE PERSONA/TÍTULO [LOCAL, CANADÁ] |
| Enlace |
2 |
| Nombre de persona |
Evangelina Gallicchio |
| Enlace entre campo y número de secuencia |
2 |
| Información miscelánea |
Evangelina Gallicchio |